| 000 | 00814nam a2200229 a 4500 | ||
|---|---|---|---|
| 005 | 20240925065534.0 | ||
| 008 | 100521s2006 es r 000 0 spa d | ||
| 020 | _a8496147770 | ||
| 035 | _aUPN01000176045 | ||
| 049 | _aCG | ||
| 050 | 4 |
_aLC191.2 _bC6.6 |
|
| 111 | 2 |
_aConferencia de Sociología de la Educación _n(11a : _d2006 : _cSantander, Esp.) |
|
| 245 | 1 | 0 |
_aConvergencia con Europa y cambio en la universidad / _ccoord. Marta García Lastra. |
| 260 |
_aValencia, Esp. : _bGermania, _c2006. |
||
| 300 |
_a249 p. : + _e1 CD-ROM ; 4 3/4 plg. |
||
| 440 | 0 |
_aPolis paideia ; _v9 |
|
| 500 | _aEl CD-ROM solicitarlo en el mostrador de préstamos | ||
| 650 | 4 |
_aEducación superior _zEuropa _912717 |
|
| 650 | 4 |
_aSociología de la educación _94896 |
|
| 700 | 1 |
_aGarcía Lastra, Marta, _ecoord. |
|
| 905 | _aLibro | ||
| 999 |
_c148148 _d148148 |
||